[Event "Maastricht Limburg op-C 8th"]
[Site "Maastricht"]
[Date "2014.06.09"]
[Round "7"]
[White "Boudry, William"]
[Black "Hauffe, Frank"]
[Result "0-1"]
[WhiteElo "1610"]
[BlackElo "1731"]
[PlyCount "64"]
[EventDate "2014.06.06"]
[EventType "swiss"]
[EventRounds "7"]
[EventCountry "NED"]
[SourceTitle "EXT 2015"]
[Source "ChessBase"]
[SourceDate "2014.11.20"]
[SourceVersion "1"]
[SourceVersionDate "2014.11.20"]
[SourceQuality "1"]

1. c4 c6 2. g3 e6 3. Bg2 d5 4. d4 Nf6 5. Nf3 Nbd7 6. Nbd2 Be7 7. 0-0 0-0 8. b3 c5 9. Bb2 cxd4 10. cxd5 Nxd5 11. Nxd4 N7f6 12. e4 Nb6 13. f4 Bc5 14. Nc4 Nxc4 15. bxc4 Qb6 16. Qd2 Rd8 17. Rfd1 e5 18. fxe5 Ng4 19. Kh1 Nxe5 20. Qc2 Bxd4 21. Bxd4 Rxd4 22. Rxd4 Qxd4 23. Rd1 Qb6 24. Qb2 Bg4 25. Qxb6 axb6 26. Rd5 f6 27. c5 bxc5 28. Rxc5 Rxa2 29. Rc1 Bf3 30. Rg1 Rxg2 31. Rxg2 Bxe4 32. Kg1 Bxg2 0-1

[Event "Maastricht Limburg op-C 8th"]
[Site "Maastricht"]
[Date "2014.06.09"]
[Round "6"]
[White "Hauffe, Frank"]
[Black "Van Ginneken, Jos"]
[Result "0-1"]
[WhiteElo "1731"]
[BlackElo "1621"]
[PlyCount "76"]
[EventDate "2014.06.06"]
[EventType "swiss"]
[EventRounds "7"]
[EventCountry "NED"]
[SourceTitle "EXT 2015"]
[Source "ChessBase"]
[SourceDate "2014.11.20"]
[SourceVersion "1"]
[SourceVersionDate "2014.11.20"]
[SourceQuality "1"]

1. b3 d6 2. Bb2 e5 3. e3 Nc6 4. Bb5 Bd7 5. d4 exd4 6. exd4 d5 7. Nf3 Nf6 8. 0-0 Be7 9. Re1 0-0 10. Bxc6 bxc6 11. Ne5 Bd6 12. Nd2 Bxe5 13. dxe5 Ng4 14. h3 Nh6 15. Qh5 Bf5 16. Re3 Bg6 17. Qe2 d4 18. Rg3 Nf5 19. Rf3 Re8 20. Re1 Re6 21. Nc4 Qg5 22. Bc1 Qe7 23. g4 Nd6 24. Bf4 f5 25. g5 Bh5 26. Na5 Bxf3 27. Qxf3 Ne4 28. h4 g6 29. Nc4 Qc5 30. Rd1 Nc3 31. Rd2 Nxa2 32. Qd3 Rd8 33. Be3 Nb4 34. Qe2 Nxc2 35. Rxc2 dxe3 36. Nxe3 Qxe5 37. Qc4 Qe4 38. Qc3 Qxh4 0-1

[Event "Maastricht Limburg op-C 8th"]
[Site "Maastricht"]
[Date "2014.06.07"]
[Round "2"]
[White "Hauffe, Frank"]
[Black "Heman, Frans"]
[Result "1/2-1/2"]
[WhiteElo "1731"]
[BlackElo "1549"]
[PlyCount "62"]
[EventDate "2014.06.06"]
[EventType "swiss"]
[EventRounds "7"]
[EventCountry "NED"]
[SourceTitle "EXT 2015"]
[Source "ChessBase"]
[SourceDate "2014.11.20"]
[SourceVersion "1"]
[SourceVersionDate "2014.11.20"]
[SourceQuality "1"]

1. b3 f5 2. Bb2 Nf6 3. Nf3 g6 4. e3 Bg7 5. c4 0-0 6. Nc3 d6 7. d4 a5 8. Be2 Nc6 9. a3 Na7 10. 0-0 Bd7 11. Qc2 Qe8 12. Rfc1 e5 13. dxe5 dxe5 14. Rd1 e4 15. Nd4 Rc8 16. Rd2 c5 17. Ndb5 Nxb5 18. Nxb5 Bxb5 19. cxb5 b6 20. Bc4+ Kh8 21. Rad1 Qe7 22. Rd6 Qc7 23. Rc6 Qb7 24. Rxc8 Qxc8 25. Rd6 Qc7 26. Qd1 h5 27. h3 Kh7 28. Bxf6 Rxf6 29. Rxf6 Bxf6 30. Qd5 Kh6 31. Qg8 Qd8 1/2-1/2

[Event "Ruhrgebiet Verbandsliga1 1213"]
[Site "Nordrheinwestfalen"]
[Date "2013.02.03"]
[Round "6.5"]
[White "Hauffe, Frank"]
[Black "Hahn, Matthias"]
[Result "1/2-1/2"]
[WhiteElo "1521"]
[BlackElo "2077"]
[PlyCount "38"]
[EventDate "2012.09.02"]
[EventType "team-tourn"]
[EventRounds "9"]
[EventCountry "GER"]
[SourceTitle "EXT 2020"]
[Source "ChessBase"]
[SourceDate "2019.10.17"]
[SourceVersion "1"]
[SourceVersionDate "2019.10.17"]
[SourceQuality "1"]
[WhiteTeam "Oberhausen SV III"]
[BlackTeam "Bochum-Linden-Dahlhausen"]
[WhiteTeamCountry "GER"]
[BlackTeamCountry "GER"]

1. b3 d5 2. Bb2 c6 3. Nf3 Nf6 4. e3 Bg4 5. Be2 Nbd7 6. d4 Qc7 7. Nbd2 e6 8. 0-0 Bd6 9. h3 Bh5 10. c4 0-0 11. c5 Be7 12. b4 a5 13. a3 b5 14. Ne5 Bxe2 15. Qxe2 a4 16. Ndf3 Rac8 17. Qc2 Nxe5 18. Nxe5 Nd7 19. f4 f5 1/2-1/2

[Event "Dortmund Sparkassen op-B"]
[Site "Dortmund"]
[Date "2011.07.29"]
[Round "7"]
[White "Savchenko, Daniel"]
[Black "Hauffe, Frank"]
[Result "0-1"]
[WhiteElo "1349"]
[BlackElo "1744"]
[PlyCount "126"]
[EventDate "2011.07.23"]
[EventType "swiss"]
[EventRounds "9"]
[EventCountry "GER"]
[SourceTitle "EXT 2013"]
[Source "ChessBase"]
[SourceDate "2012.11.22"]
[SourceVersion "1"]
[SourceVersionDate "2012.11.22"]
[SourceQuality "1"]

1. e4 d6 2. d4 g6 3. Nc3 Bg7 4. Bg5 Nc6 5. Bb5 Bd7 6. Bxc6 Bxc6 7. Qd2 Qd7 8. f4 Nf6 9. d5 Bb5 10. Nf3 Ba6 11. 0-0-0 0-0-0 12. Rhe1 Ng4 13. h3 f6 14. Bh4 Nh6 15. Nd4 Nf7 16. Ne6 Rdg8 17. Qf2 Kb8 18. g4 Nd8 19. f5 Nxe6 20. fxe6 Qe8 21. Ne2 Rf8 22. Nd4 Qa4 23. a3 Bc4 24. Kb1 b5 25. Nc6+ Ka8 26. Qd4 Qa6 27. Bf2 Qb6 28. Qxb6 axb6 29. Nxe7 b4 30. axb4 Bb5 31. c4 Bxc4 32. Rc1 Bd3+ 33. Ka1 Kb7 34. Rc3 Ra8+ 35. Ra3 Rxa3+ 36. bxa3 f5+ 37. Ka2 Bc4+ 38. Kb1 fxe4 39. Rc1 b5 40. Be1 e3 41. Bc3 Bxc3 42. Rxc3 e2 43. Re3 Rf8 44. Nf5 gxf5 45. e7 Re8 46. gxf5 Bd3+ 47. Kc1 Bxf5 48. h4 Bg4 49. Kd2 h5 50. Kc3 Kc8 51. a4 bxa4 52. b5 Kd7 53. b6 cxb6 54. Kb4 Rxe7 55. Rxe7+ Kxe7 56. Kb5 e1Q 57. Kc6 Qb4 58. Kb7 Qa5 59. Kc6 Bd7+ 60. Kb7 Qxd5+ 61. Kc7 Qc6+ 62. Kb8 Bc8 63. Ka7 Qb7# 0-1

[Event "Dortmund Sparkassen op-B"]
[Site "Dortmund"]
[Date "2011.07.27"]
[Round "5"]
[White "Heyder, Siegfried"]
[Black "Hauffe, Frank"]
[Result "1/2-1/2"]
[WhiteElo "1339"]
[BlackElo "1744"]
[PlyCount "104"]
[EventDate "2011.07.23"]
[EventType "swiss"]
[EventRounds "9"]
[EventCountry "GER"]
[SourceTitle "EXT 2013"]
[Source "ChessBase"]
[SourceDate "2012.11.22"]
[SourceVersion "1"]
[SourceVersionDate "2012.11.22"]
[SourceQuality "1"]

1. e4 d6 2. d4 Nf6 3. Nc3 g6 4. Nf3 Bg7 5. Bd3 0-0 6. Be3 Ng4 7. Bd2 Nd7 8. h3 Ngf6 9. 0-0 e5 10. d5 Nc5 11. Be3 Nxd3 12. Qxd3 Nd7 13. Qd2 Nb6 14. b3 f5 15. Bh6 f4 16. Bxg7 Kxg7 17. Nh2 Nd7 18. f3 Qg5 19. Kh1 Qe7 20. Qd1 Nf6 21. Ne2 Nh5 22. Rg1 Qh4 23. Qe1 Qe7 24. c4 Bd7 25. a4 a6 26. Qf2 b5 27. g4 Nf6 28. h4 Kh8 29. g5 Nh5 30. Ng4 Bxg4 31. Rxg4 Qd7 32. Kh2 Rac8 33. Rgg1 c6 34. axb5 cxb5 35. Rgc1 Rc5 36. Ra2 Qb7 37. cxb5 Rxb5 38. Rc6 Rxb3 39. Rxd6 Rb2 40. Rxb2 Qxb2 41. Rc6 Ng3 42. Kg2 Qxe2 43. Qxe2 Nxe2 44. Re6 a5 45. Rxe5 a4 46. d6 Rd8 47. Rd5 Nc3 48. Rd3 Nb5 49. e5 Nxd6 50. Rxd6 Re8 51. e6 a3 52. Ra6 a2 1/2-1/2

[Event "Dortmund Sparkassen op-B"]
[Site "Dortmund"]
[Date "2011.07.25"]
[Round "3"]
[White "Kasanzew, Daniel"]
[Black "Hauffe, Frank"]
[Result "0-1"]
[WhiteElo "1193"]
[BlackElo "1744"]
[PlyCount "86"]
[EventDate "2011.07.23"]
[EventType "swiss"]
[EventRounds "9"]
[EventCountry "GER"]
[SourceTitle "EXT 2013"]
[Source "ChessBase"]
[SourceDate "2012.11.22"]
[SourceVersion "1"]
[SourceVersionDate "2012.11.22"]
[SourceQuality "1"]

1. e4 d6 2. Nf3 g6 3. Nc3 Bg7 4. d4 Nf6 5. Bd3 0-0 6. Be3 Ng4 7. 0-0 Nxe3 8. fxe3 Bg4 9. Be2 Bh6 10. Qd3 Nc6 11. a3 Qd7 12. d5 Bxf3 13. Rxf3 Ne5 14. Qd2 Nxf3+ 15. Bxf3 Bg7 16. h3 c6 17. Bg4 Qc7 18. Rd1 Bh6 19. dxc6 bxc6 20. Qd4 Bg7 21. Qc4 Qb6 22. Rb1 Qxe3+ 23. Kh1 Bxc3 24. bxc3 Rab8 25. Rb3 Qc1+ 26. Kh2 Rxb3 27. Qxb3 Qf4+ 28. g3 Qxe4 29. c4 c5 30. Bf3 Qd4 31. Qa4 Qf2+ 32. Kh1 Qxf3+ 33. Kh2 Qf2+ 34. Kh1 Qxg3 35. Qxa7 Qxh3+ 36. Kg1 Qe6 37. a4 Qe3+ 38. Kg2 Qe4+ 39. Kg3 Ra8 40. Qd7 h5 41. c3 Qg4+ 42. Qxg4 hxg4 43. Kxg4 Rxa4 0-1